Bilecik Bilecik Bilecik Bilecik Bilecik

Bilim etiği/ (Record no. 73108)

MARC details
000 -BAŞLIK
Sabit Uzunluktaki Kontrol Alanı 01200nam a22003737a 4500
001 - KONTROL NUMARASI
Control Dosyası 0072354
003 - KONTROL NUMARASI KİMLİĞİ
Kontrol Alanı KOHA_MİRAKIL
005 - EN SON İŞLEM TARİHİ ve ZAMANI
Kontrol Alanı 20260207005051.0
007 - FİZİKSEL TANIM SABİT ALAN - GENEL BİLGİ
Sabit uzunluklu kontrol alanı ta
008 - SABİT UZUNLUKTAKİ VERİ ÖGELERİ - GENEL BİLGİ
Sabit Alan 241203b2004 tu |||gr||||#||||0|tur |
020 ## - ISBN - ULUSLARARASI STANDART KİTAP NUMARASI
Isbn 9755394078
040 ## - KATALOGLAMA KAYNAĞI
Özgün Kataloglama Kurumu TR-BiSEU
Kataloglama Dili tur
Çeviri Kurumu TR-BiSEU
Açıklama Kuralları rda
041 0# - DİL KODU
Metin ya da ses kaydının dil kodu tur
044 ## - YAYINLAYAN/ÜRETEN KURULUŞUN ÜLKE KODU
ISO country code tu
050 ## - SINIFLAMA ve YER NUMARASI
Sınıflama Numarası BJ1012
Yer Numarası .R47 2004
100 1# - KİŞİ ADI
Yazar Adı (Kişi adı) Resnik, David B..
245 1# - ESER ADI BİLDİRİMİ
Başlık Bilim etiği/
Sorumluluk Bildirimi David B. Resnik ; David B. Resnik; İngilizceden çeviren Vicdan Mutlu.
264 #1 - ÜRERİM, YAYIN, DAĞITIM ve TELİF BİLDİRİMİ
Yayın yeri İstanbul :
Yayınlayan Ayrıntı
Yayın tarihi 2004
300 ## - FİZİKSEL TANIMLAMA
Sayfa, Cilt vb. 300 sayfa; 20 cm
336 ## - İÇERİK TÜRÜ
Content type term metin
Content type code txt
Source rdacontent
337 ## - MEDYA TÜRÜ
Media type term aracısız
Media type code n
Source rdamedia
338 ## - TAŞIYICI TÜRÜ
Carrier type term cilt
Carrier type code nc
Source rdacarrier
490 1# - DİZİ BİLDİRİMİ
Dizi Bildirimi Ayrıntı ;
Cilt Numarası 406.
490 1# - DİZİ BİLDİRİMİ
Dizi Bildirimi İnceleme dizisi ;
Cilt Numarası 189
500 ## - GENEL NOT
Genel Not Özgün eser adı: The ethics of science an introduction
500 ## - GENEL NOT
Genel Not Kaynakça ve dizin var.
650 #0 - KONU BAŞLIĞI EK GİRİŞ - KONU TERİMİ
Konusal terim veya coğrafi ad Etik, bilim.
9 (RLIN) 144119
650 #0 - KONU BAŞLIĞI EK GİRİŞ - KONU TERİMİ
Konusal terim veya coğrafi ad Araştırma--Felsefe.
9 (RLIN) 144120
650 #0 - KONU BAŞLIĞI EK GİRİŞ - KONU TERİMİ
Konusal terim veya coğrafi ad Bilim--Ahlaki ve etik yönleri.
9 (RLIN) 144121
650 #0 - KONU BAŞLIĞI EK GİRİŞ - KONU TERİMİ
Konusal terim veya coğrafi ad Social sciences--Research--Moral and ethical aspects.
9 (RLIN) 144122
830 1# - SERİ EK GİRİŞİ - TEKBİÇİM ESER ADI
Tekbiçim Başlık Ayrıntı ;
Volume number/sequential designation 406.
9 (RLIN) 11262
830 1# - SERİ EK GİRİŞİ - TEKBİÇİM ESER ADI
Tekbiçim Başlık İnceleme dizisi ;
Volume number/sequential designation 189
9 (RLIN) 9084
942 ## - EK GİRİŞ ÖGELERİ (KOHA)
Source of classification or shelving scheme Library of Congress Classification
Koha item type Book
Holdings
Materyal Türü Kalıcı Konum Mevcut Konum Raf Yeri Sınıflandırma Kaynağı Edinim Bilgisi Ana Konular Alt Konular Yer Numarası Demirbaş Numarası Fatura Tarihi Geri Çekilme Durumu Kayıp Durumu Hasarlı Durumu Kredi için değil Kayıt Tarih Toplam Ödünçverme Son Görülme Tarihi Son Kontrol Tarihi Genel / Bağış Notu
Book Prof. Dr. Azmi Özcan Kütüphanesi Prof. Dr. Azmi Özcan Kütüphanesi Uluğbey Salonu Library of Congress Classification Bağış FELSEFE, PSİKOLOJİ, DİN Etik (Ahlak) BJ1012 .R47 2004 0072354 02/02/2026         03/12/2024   17/03/2025 17/03/2025 Mustafa Çakır, Akademisyen